Investigation on taxonomy of symptom of tapping panel dryness in Xishuangbanna (Record no. 61637)

MARC details
000 -LEADER
fixed length control field 00568nam a2200133Ia 4500
100 ## - MAIN ENTRY--AUTHOR NAME
Personal name Gui-Zhi Jiang
245 #0 - TITLE STATEMENT
Title Investigation on taxonomy of symptom of tapping panel dryness in Xishuangbanna
260 ## - PUBLICATION, DISTRIBUTION, ETC. (IMPRINT)
Name of publisher Climate Change, Low Carbon Economy and Sustainable Natural Rubber Industry: Preprints of Proceedings of IRRDB International Rubber Conference 2010, 18-19 October 2010 Sanya, Hainan, China, pp. 314-321.
650 ## - SUBJECT ADDED ENTRY--TOPICAL TERM
Topical Term Rubber tree
650 ## - SUBJECT ADDED ENTRY--TOPICAL TERM
Topical Term Symptoms
650 ## - SUBJECT ADDED ENTRY--TOPICAL TERM
Topical Term Tapping panel dryness
942 ## - ADDED ENTRY ELEMENTS (KOHA)
Koha item type Journals
Holdings
Withdrawn status Lost status Damaged status Not for loan Home library Current library Shelving location Date acquired Koha item type
      Journals RRII Library RRII Library Pathology 06/08/2012 Journals